000 00710nam a2200229Ia 4500
003 OSt
005 20220926010618.0
006 a|||||r|||| 00| 0
007 ta
008 220923b |||||||| |||| 00| 0 eng d
037 _cGeneral Book
040 _aRTL
_cRTL
_beng
041 _2eng
_aeng
082 _aX9(HZ):97D.658.N7, L1
100 _aBates Robert H
_9123080
245 0 _aUnions, parties, and political development
_b A stu
260 _aNew Haven
_byale university press
_c1971
300 _axi, 291p. Bib p 267-81; Appendix p 221-28.
_ccm.
650 _aMinings
_9234290
942 _hX9(HZ):97D.658.N7, L1
_cGB
_2CC
999 _c617750
_d617750